Ponencias 3er Congreso IDEICE investigación para el cambio 2012 (Record no. 12212)
[ view plain ]
| 000 -LEADER | |
|---|---|
| campo de control de longitud fija | 00356nam a2200133Ia 4500 |
| 001 - NÚMERO DE CONTROL | |
| campo de control | 3472 |
| 008 - DATOS DE LONGITUD FIJA--INFORMACIÓN GENERAL | |
| campo de control de longitud fija | 241024s9999 xx 000 0 und d |
| 082 ## - NÚMERO DE LA CLASIFICACIÓN DECIMAL DEWEY | |
| Número de clasificación | [*SIN CLASIFICACION*] |
| 100 ## - ENTRADA PRINCIPAL--NOMBRE DE PERSONA | |
| Nombre de persona | IDEICE |
| 245 #0 - MENCIÓN DEL TÍTULO | |
| Título | Ponencias 3er Congreso IDEICE investigación para el cambio 2012 |
| 260 ## - PUBLICACIÓN, DISTRIBUCIÓN, ETC. | |
| Nombre del editor, distribuidor, etc. | 2012 |
| Fecha de publicación, distribución, etc. | 2012 |
| 901 ## - ELEMENTOS DE DATOS A LOCAL LDA (RLIN) | |
| a | 12/11/2013 10:46:55 a.m. |
No items available.